000
00304nam a22001337a 4500
020
_a
0-408-70289-3
082
_a
621.3 ELE'S
100
_a
SAY, M.G
_9
41247
245
_a
ELECTRICAL ENGINEERS REFERENCE BOOK
250
_a
13TH
260
_a
LONDON
_b
BUTTERWORTH
_c
1973
300
_a
24-28P
942
_c
BK
999
_c
583589
_d
583589